[Event "Shenzhen Du Te Cup 3rd"]
[Site "Shenzhen"]
[Date "2019.04.19"]
[Round "3"]
[White "Harikrishna, Pentala"]
[Black "Rapport, Richard"]
[Result "1-0"]
[WhiteElo "2723"]
[BlackElo "2726"]
[Annotator "Sagar Shah"]
[PlyCount "109"]
[EventDate "2019.04.17"]
[EventType "tourn"]
[EventRounds "10"]
[EventCountry "CHN"]
[EventCategory "21"]
[SourceTitle "CBM 190"]
[Source "ChessBase"]
[SourceDate "2019.06.30"]
[SourceVersion "1"]
[SourceVersionDate "2019.06.30"]
[SourceQuality "1"]

{[%evp 0,109,80,25,41,49,36,32,26,15,15,26,39,39,34,34,35,-1,16,21,29,23,27,23,
21,9,31,30,25,32,24,32,32,10,16,21,20,28,26,19,40,17,23,17,17,9,7,-3,18,13,55,
60,48,44,35,29,41,39,30,40,35,42,41,38,46,48,57,47,62,49,43,46,46,52,39,34,34,
31,30,19,34,34,38,0,73,33,48,49,56,56,74,79,78,0,0,0,136,131,131,131,131,190,
63,127,925,993,1011,962,1048,1058,1101,1113]} 1. e4 e6 2. d4 d5 3. Nc3 Bb4 4.
exd5 $5 {This variation of the exchange French with bishop on b4 and knight on
c3 is not as harmless as the normal exchange French.} exd5 5. Bd3 Ne7 6. Nf3
O-O 7. O-O Nbc6 (7... Bg4 8. Bxh7+ $1 $16 Kxh7 9. Ng5+) 8. Ne2 Bf5 9. Ng3 Bg6
10. Nh4 Bxd3 11. Qxd3 Qd7 12. h3 Ng6 (12... Rae8 $5) 13. Nhf5 Nce7 14. c3 Nxf5
15. Nxf5 Bd6 {Although the position looks close to equal, White has a small
edge becuase of his menacing knight on f5. Also such positions are not
Rapport's forte.} 16. h4 Ne7 17. Nxd6 $1 {An interesting decision by Hari who
clearly understands that in this position his bishop will prove to be superior
than Rapport's knight.} Qxd6 18. Qf3 c6 19. h5 $1 {Gaining more space on the
kingside.} Rfe8 20. Bg5 h6 21. Bd2 Rad8 22. Rae1 Qd7 23. Bf4 Nf5 24. Qg4 Re7
25. Rxe7 Nxe7 26. Qe2 Re8 27. Re1 Kf8 28. Qd3 Nf5 29. Rxe8+ Kxe8 30. g4 $1 {
You can see how the pawns not only take up a lot of space in the position, but
also are placed on the opposite colour of the bishop. So they control a lot of
squares!} Ne7 31. f3 Qe6 32. Kf2 f6 33. b3 Kf7 34. a4 Kg8 35. a5 {Gaining
space everywhere!} a6 36. Qd2 Kf7 37. Bc7 Nc8 38. Qf4 Qe7 39. Bb6 Nxb6 (39...
Nd6 40. Bc5 $18) (39... Qd6 {might have been a better way to continue.} 40.
Qxd6 (40. Kg3 Qxf4+ 41. Kxf4 Nxb6 42. axb6 $11) 40... Nxd6 41. Ke3 {White can
still try endlessly here especially because the kingside pawns are fixed. But
it does seem the position has good drawing chances for Black.}) 40. axb6 c5 41.
c4 $3 {What a brilliant solution by Harikrishna! He clearly sees that he needs
his c-pawn to go down the board to c6 in order to make sure that the pawn on
b6 queens. Once this is clear in your head then the move c4 becomes quite an
obvious one. Otherwise it is not so easy to spot.} (41. Qc7 cxd4 42. cxd4 Ke6 {
Black is holding on.}) 41... dxc4 (41... cxd4 42. Qxd4 dxc4 43. Qd5+ Kf8 44.
bxc4 {It's difficult to do something against c5 c4.}) 42. bxc4 cxd4 43. Qxd4
Qe6 44. Qd8 f5 (44... Qxc4 45. Qc7+ $18) 45. Qc7+ Kf6 46. gxf5 Qxf5 47. c5 Qc2+
48. Kg3 Qd1 49. Qf4+ Ke7 50. Qe5+ Kf7 51. c6 $1 {Calculating everything to
perfection.} bxc6 (51... Qg1+ 52. Kf4 Qxb6 53. c7 $18) 52. b7 Qg1+ 53. Kh3 Qf1+
54. Kg4 Qg1+ 55. Qg3 (55. Qg3 Qd4+ 56. Qf4+ {The queens are exchanged and game
over!}) 1-0

[Event "Grenke Chess Classic 4th"]
[Site "Karlsruhe/Baden-Baden"]
[Date "2017.04.19"]
[Round "4"]
[White "Carlsen, Magnus"]
[Black "Caruana, Fabiano"]
[Result "1/2-1/2"]
[WhiteElo "2838"]
[BlackElo "2817"]
[Annotator "Silver,A"]
[PlyCount "79"]
[EventDate "2017.04.15"]
[EventType "tourn"]
[EventRounds "7"]
[EventCountry "GER"]
[EventCategory "20"]
[SourceTitle "CBM 178"]
[Source "ChessBase"]
[SourceDate "2017.05.14"]
[SourceVersion "1"]
[SourceVersionDate "2017.05.14"]
[SourceQuality "1"]

1. e4 e5 2. Nf3 Nf6 3. Nxe5 d6 4. Nf3 Nxe4 5. d3 Nf6 6. d4 d5 7. Bd3 Bd6 8.
Qe2+ Be6 (8... Qe7 9. Qxe7+ Kxe7 10. O-O Re8 11. Re1+ Kf8 12. Rxe8+ Kxe8 13.
Nc3 c6 14. Bd2 h6 15. Re1+ Kf8 16. Ne5 Nbd7 17. f4 Nb6 {1-0 (58) Carlsen,M 
(2838)-Akobian,V (2645) chess.com INT 2017}) 9. c4 dxc4 10. Bxc4 Qe7 11. O-O
O-O 12. Nc3 h6 $146 (12... Re8 13. Bd2 Nc6 14. Rfe1 Qd7 15. Bxe6 Rxe6 16. Qb5 {
1/2-1/2 (42) Taksrud,V (2091)-Cerveny, L (2144) ICCF email 2011}) 13. d5 Bg4
14. Qxe7 Bxe7 15. Nb5 Nbd7 16. Re1 Bc5 17. Bb3 (17. Nxc7 $2 {is wrong:} Rac8
18. Ne6 (18. Bf4 $2 Bxf3 19. gxf3 Nh5 $17) 18... fxe6 19. dxe6 Nb6 20. e7+ Nxc4
$17) 17... Rac8 18. Bf4 Bxf3 19. gxf3 {The position is equal.} a6 20. Nxc7 {
This might seem unplayable, but both players had seen it was, and knew where
it was leading.} Nh5 {The obvious continuation.} 21. Ne6 $1 Nxf4 ({Obviously
not} 21... fxe6 $6 22. dxe6 Ndf6 23. e7+ Rf7 24. Rad1 $1 $16 {and the threat
of Rd8 serves as protection of the hanging bishop on f4.}) 22. Nxf4 Bd6 23. Nd3
Nc5 24. Nxc5 Rxc5 25. Rac1 Rxc1 26. Rxc1 $11 {It is pretty easy to guess that
this endgame has no hope of coming to life, and after 15 more moves they shook
hands.} Re8 27. Ba4 Rd8 28. Kg2 Kf8 29. Re1 g6 30. h3 Kg7 31. Re8 Rxe8 32. Bxe8
Kf6 33. Bd7 a5 34. a4 b6 35. b3 Ke7 36. Bc6 Kf6 37. Be8 Ke7 38. Bc6 Kf6 39. Be8
Ke7 40. Bc6 1/2-1/2

[Event "World Cup"]
[Site "Khanty-Mansiysk"]
[Date "2009.11.24"]
[Round "2.1"]
[White "Ivanchuk, Vassily"]
[Black "So, Wesley"]
[Result "0-1"]
[WhiteElo "2739"]
[BlackElo "2640"]
[Annotator "So,Wesley"]
[PlyCount "78"]
[EventDate "2009.11.21"]
[EventType "k.o."]
[EventRounds "7"]
[EventCountry "RUS"]
[SourceTitle "CBM 134"]
[Source "ChessBase"]
[SourceDate "2010.01.18"]
[SourceVersion "1"]
[SourceVersionDate "2010.01.18"]
[SourceQuality "1"]

{First I would like to thank CBM Magazine for inviting me to annotate a game
for this issue. This is the first time I have annotated for them and this is
always good experience.   After winning my rapid tie break against Gadir
Guseinov from Azerbaijan, in the next round I had to face one of the top seeds
in the tournament: Vassily Ivanchuk. Of course I had to play very carefully in
the match (if I were not to lose immediately) and in general I would be happy
if I managed to reach the tiebreaks. What happened was quite unexpected, but
OK this is only a 2 game match.} 1. e4 {(1:30) Even his first move came as a
surprise to me. Before the game I mostly prepared for 1.d4 and the English but
against Vassily you never know.} e6 {(1:30)} 2. d4 {(1:30)} d5 {(1:30)} 3. Nc3
{(1:30)} Bb4 {(1:30) I had prepared this variation specially for my match
against Guseinov, but unfortunately in our games he chose 3.Nd2, which had
rarely occurred in his games before.} 4. exd5 {(1:30) He played this quite
quickly, even without thinking much but I'm not sure why, as this line should
not give Black too many problems and during the game I could even relax a bit.
Of course I expected 4.e5 and Vassily also plays this line with both colours.}
exd5 {(1:31)} 5. Bd3 {(1:31)} Nf6 {(1:31)} ({In recent years Black has
experienced some problems after} 5... Nc6 6. a3 $1 Bxc3+ 7. bxc3 Nge7 8. Qh5
$36 {when his dark squares are quite vulnerable. What I played in the game is
simpler.}) 6. Nge2 {(1:30)} O-O {(1:29)} 7. O-O {(1:31)} Bg4 {(1:27) I'm not
sure what Black's best setup here is, and so I decided to try and exchange my
light-squared bishop right away.} 8. f3 {(1:11)} (8. a3 Bxc3 9. bxc3 Nbd7 10.
f3 Bh5 11. Nf4 Bg6 12. Nxg6 hxg6 $132 {followed by ...c5 should give Black
sufficient counterchances as well.}) 8... Bh5 {(1:26)} 9. Nf4 {(1:07)} Bg6 {
(1:22)} ({I was playing my moves quite quickly,as my position is relatively
easy to play although maybe even simpler is} 9... c6 {when White has nothing
after} 10. Nxh5 Nxh5 11. g4 Nf6 12. g5 $5 Ne8 $11 {and this is fine for me.})
10. Nxg6 {(1:07)} hxg6 {(1:21)} 11. Bg5 {(1:04)} c6 {(1:17) During the game I
wanted to keep a compact pawn structure, and since he had played 4.exd5 I was
trying to play as solidly as possible and to avoid any complications. I don't
know if this is a correct approach, but against Ivanchuk I didn't want to take
too many risks.} ({It is probable that a better continuation is:} 11... c5 12.
dxc5 Bxc3 13. bxc3 Nbd7 $132 {when Black has good counterplay.}) 12. f4 {(1:04)
} Qb6 $1 {(1:11) I think this is a strong move for me, as it removes the pin
from my knight while at the same time gaining time by attacking the d4-pawn.}
13. Na4 $1 {(0:34) He thought for a long time at this position, for about 30
minutes. While he was thinking, I suddenly 'saw' that he can continue with 13.
Na4! and for some time I thought that I'm simply losing. But fortunately the
complications seems to work out just fine for me.} ({When I played 12...Qb6, I
was expecting lines like} 13. Ne2 Nh7 14. Bh4 Nd7 15. f5 g5 16. Bg3 Rfe8 17. c3
Bf8 18. Qd2 Ne5 $1 $132 {but is is obvious that this is not going to trouble
me.}) (13. f5 Qxd4+ 14. Kh1 Nbd7 15. fxg6 fxg6 $15) 13... Qxd4+ {(0:51) Of
course I had no choice but to go for complications,as otherwise he simply
plays f4-f5 and gets a devastating attack. So much for me trying to keep the
game quiet or so I thought :) .} 14. Kh1 {(0:33)} Ne4 $1 {(0:40) I used a lot
of time for this move, as it is neccessary for Black now to defend accurately.
Even now I think that this is the simplest for me, and indeed the computer
cannot find a way for White to gain an advantage.} ({The only other way for
Black to continue is} 14... Bd2 {although it certainly is very risky, and the
lines are getting too complicated. I'll give a few lines:} 15. Qxd2 Ne4 $1 (
15... Qxa4 $2 16. f5 Ne4 17. Bxe4 Qxe4 18. Rf4 $18 {would lose immediately.})
16. c3 ({After} 16. Qa5 b6 17. Nxb6 Qxb6 18. Qxb6 axb6 19. Bxe4 dxe4 20. Rfe1
Re8 {Black has a fine ending. During the game, I thought I would be slightly
worse here, but this is not the case, for example after:} 21. Kg1 f6 22. Bh4
Na6 23. a3 Nc7 24. c4 f5 $1 25. Rad1 Ne6 26. g3 $6 Ra4 $1 27. Rc1 Nc5 $17 {
Black even manages to seize the advantage.}) 16... Qxa4 17. Bxe4 Qxe4 (17...
dxe4 $6 18. f5 gxf5 19. Rxf5 {would give White a very strong attack, for
example after} f6 20. Bxf6 $1 $18) 18. f5 $1 Nd7 ({The computer also gave} 
18... Qg4 19. f6 $1 (19. fxg6 f6 20. Qe3 Qe4 $132) 19... Nd7 20. fxg7 Rfe8 21.
h3 Qh5 22. Qf4 f5 23. Rfe1 $40 {although it seems that White's position is
easier to play, and in a tournament game this is very difficult to defend for
Black.}) 19. Rf4 (19. Rae1 Qg4 $1 20. Be7 Rfe8 21. Rf4 Qh5 22. Rh4 Qxf5 23. Rf4
Qh5 $11 {leads to a draw. It seems that if White tries for more, he can only
get in trouble.}) 19... Qe5 20. Re1 Qc7 21. fxg6 f6 22. Bh4 Rfe8 $132 {and
apparently Black has sufficient resources to defend! Of course I did not see
all these lines during the game,and I still think that 14...Bd2 is too risky.})
15. c3 {(0:29)} ({White does not have enough resources for an immediate attack
with:} 15. Bxe4 Qxe4 16. f5 f6 $5 17. Rf4 Qe1+ $3 18. Qxe1 Bxe1 19. Bxf6 Bd2
20. Rf2 Be3 21. Rf3 d4 $17 {of course, this line was given by Rybka (who else?
:) ).}) 15... Nf2+ {(0:40)} 16. Rxf2 {(0:29)} Qxf2 {(0:40)} 17. cxb4 {(0:29)} (
{After} 17. Rc1 $5 Bxc3 (17... Bd6 $2 18. Rc2 Qe3 19. Re2 $18 {traps Black's
queen.}) 18. bxc3 Re8 $15 {Black has no problems at all as well, and White's
initiative on the kingside has run out.}) 17... f6 $1 {(0:37)} 18. Qg4 {(0:28)}
fxg5 {(0:36)} 19. Qe6+ {(0:28)} ({The computer assesses this position as (0.00)
and so this game should probably end in a draw. One way to do that is} 19. g3
gxf4 20. Bxg6 fxg3 21. Qe6+ Rf7 22. Qc8+ Rf8 23. Qe6+ Rf7 $11 {with perpetual.}
) 19... Kh8 {(0:36)} 20. Nc5 {(0:14) OK this came as a surprise for me, but
then I noticed that I have enough resources to be able to defend.} ({While he
was thinking, I mostly calculated the lines after} 20. Rf1 Qh4 21. g3 ({
During the game I also saw} 21. Qe7 Na6 $1 22. Qxb7 Rae8 23. Qxa6 Rxf4 24. Rg1
Qf2 25. Nc3 Rh4 26. h3 g4 27. Rf1 Re1 $17 {and Black has a clear advantage.}) (
{While} 21. Rf3 {fails to} Na6 $1 22. Rh3 Rae8 23. Rxh4+ gxh4 $19 {and Black
wins the queen back, due to the back rank mate threat.}) 21... Qh6 22. fxg5 (
22. Qe7 Nd7 23. Qxd7 gxf4 $17) 22... Rxf1+ 23. Bxf1 Qxg5 24. Qc8+ Kh7 25. Qxb7
Qc1 26. Kg1 Qe3+ 27. Kg2 Qd2+ 28. Kg1 {And now I calculated up to this
position during the game, when I thought this ends with a perpetual. The
computer now gives} Nd7 $1 29. Qxa8 Ne5 30. Qf8 Ng4 31. Ba6 $3 Qxh2+ 32. Kf1
Qd2 33. Be2 Ne3+ 34. Kf2 Nd1+ 35. Kf1 $11 {and White still manages to save the
game.}) ({While simply dubious is} 20. Qxg6 $6 Qh4 21. Nc5 (21. fxg5 Nd7 22. g3
Qh3 $19) ({Or} 21. g3 Qh6 $17) 21... Qh6 $1 22. Qxg5 Qxg5 23. fxg5 Rf2 24. Nxb7
Nd7 $1 $17 {when Black will be able to consolidate, and the extra exchange
should give him the win.}) 20... Qxb2 $1 {(0:18)} 21. Qh3+ {(0:01)} Kg8 {(0:18)
} 22. Qe6+ {(0:02)} Kh8 {(0:18) Here Vassily had used most of his time, and
only had 2 minutes left to make it to the time control on move 40. He was
looking for a way to win immediately, but unfortunately there isn't one (the
computer gives (0.00)!). The most logical would be to draw of course, but my
opponent wanted more.} 23. Rf1 {(0:02)} Qf6 {(0:18)} 24. Qh3+ {(0:01)} Kg8 {
(0:18)} 25. g3 $2 {(0:01) But this came to me as a surprise, although I
realized that I don't have anything to fear here.} ({I was expecting} 25. Ne6 {
although I could defend after} g4 $1 26. Qxg4 Nd7 27. Ng5 (27. Qh3 Rfe8 28. Ng5
Nf8 $19) 27... Rfd8 28. Qh4 Nf8 29. f5 gxf5 30. Bxf5 Qh6 $17 {and White runs
out of resources for his attack.}) ({But White could still draw after} 25. Ne4
$1 dxe4 (25... Qf5 $2 26. g4 $18) 26. Bc4+ Rf7 27. Qc8+ Kh7 28. Qh3+ $11 {
but of course,having decided to play for a win with 23.Rf1,there is no turning
back.}) 25... Re8 {(0:13) I still had about 12 minutes around this point,
while my opponent was on his last minute, so our next few inaccuracies can be
explained.} 26. Nxb7 {(0:00)} gxf4 {(0:12)} ({I played my move quite quickly,
but it transpires that even more accurate would be} 26... Nd7 $1 27. Qxd7 Re7
$17 {and Black regains the knight on b7, but only the computer will be able to
find this move so quickly.}) 27. Rxf4 $6 {(0:01)} ({My opponent also continued
quite quickly, as he was in severe time trouble here. But the computer
suggests the very strong} 27. Nc5 $1 {and suddenly it is easy to develop
Black's pieces on the queenside, while all White's pieces are well-coordinated
(for example, his c5-knight completely dominates my knight for the time being).
After} a5 28. Qg4 $1 {White creates strong threats on the kingside, and
suddenly he gets serious counterchances!} ({And not} 28. Rxf4 Qg5 $17)) 27...
Re1+ $6 {(0:12) Even now I don't know why I gave this check, as it only helps
White to improve his king position.} ({Of course} 27... Qe6 $19 {would have
been even more decisive, as White has no other choice but to exchange queens.})
28. Kg2 {(0:01)} Qe6 {(0:11)} 29. Qxe6+ {(0:02)} ({I used a few minutes for 28.
..Qe6, as I hallucinated and thought that} 29. Rf8+ $5 Kxf8 30. Qh8+ {is
possible, simply missing that I have} Qg8 $19 {:)}) 29... Rxe6 {(0:11)} 30. Nc5
{(0:02)} Re7 $6 {(0:11)} ({An even more accurate way to win is} 30... Rd6 31.
b5 cxb5 32. Bxb5 Rb6 33. Be8 Rf6 $1 $19 {but OK, we were in time trouble.}) 31.
b5 {(0:02)} ({Black wins as well after} 31. Rg4 Nd7 32. Nxd7 Rxd7 33. Rxg6 Rc7
34. Rd6 Kf8 35. h4 a5 $19) 31... Nd7 {(0:06) I want to develop my knight as
quickly as possible,although objectively this is not Black's best way to
continue.} (31... cxb5 32. Bxb5 Re5 $17 {intending ...Rf5 was suggested by the
computer, but during the game I did not see this.}) 32. Nxd7 {(0:03)} Rxd7 {
(0:07)} 33. bxc6 {(0:03)} Rd6 {(0:07)} 34. Bb5 {(0:03)} Re8 {(0:07)} 35. Rd4 $6
{(0:03) Now this makes things very easy for me. I'm not sure, but it seems
that Vassily has given up hopes on saving the game already.} ({Maybe} 35. Ba4 {
intending to put the bishop on b3 is more stubborn, but Black should still be
able to win after} Rc8 $17 {intending ...Rf6.}) 35... Kf7 {(0:07) Now my king
helps to restrain White's passed pawn on c6.} 36. Rf4+ {(0:03)} (36. Bc4 Ke7 $1
37. Rxd5 (37. Bxd5 Kd8 $19) 37... Rxd5 38. Bxd5 Kd6 39. Bb3 Re2+ 40. Kh3 Kxc6
$19 {also wins easily.}) 36... Ke6 {(0:07)} 37. Rg4 {(0:03)} Ke5 {(0:08)} 38.
Kf3 {(0:03)} Rf6+ {(0:08)} 39. Ke3 {(0:04)} Kd6+ {(0:08) and my opponent
resigned, just before he reached the time control. Having won the first game,
I then managed to draw the second game with White after great difficulties
even though I played the Exchange Slav. Of course I'm happy to win a match
against such a player as Ivanchuk, but OK 2 games do not prove anything and I
still think he is one of the world's very best players.} 0-1

[Event "Moscow PCA-Intel qual"]
[Site "Moscow"]
[Date "1995.??.??"]
[Round "8"]
[White "Bareev, Evgeny"]
[Black "Speelman, Jonathan S"]
[Result "0-1"]
[WhiteElo "2675"]
[BlackElo "2610"]
[Annotator "Speelman,J"]
[PlyCount "64"]
[EventDate "1995.??.??"]
[EventType "swiss"]
[EventRounds "11"]
[EventCountry "RUS"]
[SourceTitle "CBM 046 Extra"]
[Source "ChessBase"]
[SourceDate "1995.07.01"]
[SourceVersion "1"]
[SourceVersionDate "1995.07.01"]
[SourceQuality "1"]

1. d4 e6 2. e4 d5 3. exd5 exd5 4. Nf3 Nf6 5. Bd3 Bd6 6. O-O O-O 7. Bg5 h6 8.
Bh4 Re8 9. Re1 Nbd7 10. Nbd2 c6 11. c3 (11. Rxe8+ Qxe8 12. Qf1) 11... Rxe1+ 12.
Qxe1 Nf8 13. Ne5 g5 14. Bg3 Nh5 15. Qe2 Ng7 (15... Nxg3 16. fxg3 {xh6,f7,f5
but Fritz now suggests} Qb6 {and conceivably Black's kingside is less rickety
than appears tho' I doubt it!} (16... f6 17. Ng6)) 16. Nf1 h5 17. h3 Be6 18.
Re1 Qc7 19. Qd1 (19. Qf3 f5) (19. Ne3 {threatening 20 Qf3} f6 $1 20. Ng6 Bxg3)
19... f6 20. Nf3 $2 (20. Ng6 $1 {is very dangerous - though Black could set up
a sensible defence with} Nxg6 21. Bxg6 Bf7 {and if eg} 22. Qd3 (22. Bxd6 Qxd6
23. Qd3 Qd7) (22. Bc2 Re8 23. Rxe8+ Bxe8 24. Qd3 f5) 22... Bxg6 23. Qxg6 Bxg3
24. Nxg3 Qf7) 20... Re8 {Now Black is okay since he has enough minor pieces to
defend the weaknesses caused by ...h5 and ...g5} 21. h4 g4 22. N3d2 f5 23. Bxd6
Qxd6 24. Re5 f4 25. g3 fxg3 {Here I offered a draw.} 26. Nxg3 {xh4} (26. fxg3)
26... Bf7 27. f4 $2 (27. Rg5 Nfe6 (27... Qf6 $2 28. Bf5 $1 (28. Nf5 Nfe6 29.
Nxg7 Nxg5 30. Nxe8 Nh3+ $19)) 28. Nf5 Qf4 29. Nh6+ $1 Kf8 30. Nxf7 Kxf7 31.
Bg6+ (31. Re5 Nf8 32. Rxe8 Nxe8) 31... Ke7 $1 (31... Kf8 32. Re5 Re7 33. Bxh5)
32. Re5 (32. Bxe8 Nxg5 33. hxg5 Kxe8 $17) 32... Rf8 {This is a big mess but I
think that Black is doing quite well.} 33. Qe2 (33. Qe1 Qf6) 33... g3 $1 (33...
Qf6 $2 34. Bxh5 Qxh4 35. Bxg4) 34. fxg3 Qxg3+ 35. Qg2 Qxh4) 27... Qf6 $1 28.
Ndf1 Qxf4 29. Rxe8 Bxe8 30. Qe2 Bg6 31. Kg2 Qf6 32. Ne3 Nfe6 $1 0-1